| 000 | 00549nam a22001817a 4500 | ||
|---|---|---|---|
| 003 | OSt | ||
| 005 | 20240626164806.0 | ||
| 008 | 240626b |||||||| |||| 00| 0 eng d | ||
| 020 | _a9780821370568 | ||
| 040 | _cMUST | ||
| 082 | _a370 HAH 2007 | ||
| 100 |
_a Nannyonjo Harriet _918137 |
||
| 245 |
_aEducation Inputs In Uganda: _bAn Analysis of Factors Influencing Learning Achievement in grade six/ _cHarriet Nannyonjo |
||
| 260 |
_aWashington _bThe world Bank _c2007 |
||
| 300 |
_axv,89p _bill.; _c25cm. |
||
| 650 | _2Economics | ||
| 942 |
_2ddc _cO_SHELF |
||
| 999 |
_c8958 _d8958 |
||